000 00833nmm a2200265 a 4500
001 ocm000607239
003 TR-IsHL
005 20201028132332.0
008 131030s2009 tu tur
007 cr cn
020 _a9789944490405
035 _a607239
_b(N$T)
050 0 4 _aPL248.Y85
_bA3 2009
090 0 4 _aPL248.Y85
_bA3 2009
100 1 _aYüksel, İzzet Kaan
245 1 0 _aAgartalı Vaiz
_h[electronic resource] /
_cİzzet Kaan Yüksel
260 _aİstanbul :
_bSiyah Beyaz Yayınları,
_c2009
300 _a456 p.
650 4 _aDil ve Edebiyat
650 4 _aLanguage and Literature
650 0 _aTürk romanı
650 0 _aTurkish fiction
650 7 _aLITERARY COLLECTIONS / Middle Eastern
_2bisacsh
856 4 0 _uhttp://search.ebscohost.com/login.aspx?direct=true&scope=site&db=e011xww&AN=607239
999 _c5039
_d5039